| 000 | 01373nam a2200277 i 4500 | ||
|---|---|---|---|
| 001 | 164420 | ||
| 003 | ES-MaACL | ||
| 005 | 20250811063202.0 | ||
| 008 | 931025m16961697sp a |||| | spa d | ||
| 100 | 1 |
_aSalazar y Castro, Luis de, _d1658-1734 _9101831 |
|
| 245 | 1 | 0 |
_aHistoria genealógica de la Casa de Lara _b: justificada con instrumentos y escritores de inviolable fe / _cpor Don Luis de Salazar y Castro ... ; dividida en XX libros, tomo I [- III]. |
| 260 |
_aEn Madrid : _ben la Imprenta Real, por Mateo de Llanos y Guzmán, _c1696-1697. |
||
| 300 |
_a3 t. ([16], 713 [i.e. 711] p., [1] en bl. ; [2], 891 p., [1] en bl. ; 586 [i.e. 576] p.) : _bil. ; _cFol. |
||
| 530 | _aDisponible en formato digital. | ||
| 596 | _aMarca tipográfica en portadas. | ||
| 597 | _aSign.: ¶8, A-Z8, Aa-Xx8, Yy4 ; [ ]¹, A-Z8, Aa-Zz8, Aaa-Iii8, Kkk6 ; A-Z8, Aa-Nn8. | ||
| 597 | _aTexto con apostillas marginales. | ||
| 599 | _aLas il., escudos heráldicos xilográficos al principio de cada capítulo. | ||
| 600 | 3 | 4 |
_aLara (Familia)- _xGenealogía. _9169131 |
| 700 | 1 |
_aLlanos y Guzmán, Mateo de. _9128997 |
|
| 710 | 2 |
_aImprenta Real (Madrid) _9134468 |
|
| 752 |
_aEspaña - _dMadrid |
||
| 852 |
_aES-MaACL _jR-2144-46 _z- Enc. pasta |
||
| 856 |
_uhttp://bdh-rd.bne.es/viewer.vm?id=0000005057&page=1 _zBiblioteca Digital Hispánica |
||
| 999 |
_c164420 _d164420 |
||